00809 a2200205 450000500170000000800410001701000140005802000230007203500130009503700150010808200110012310000240013424500490015826000700020727001030027730000390038094200430041999900150046295201260047720080827165032.0080827t xxu||||| |||| 00| 0 eng d aENG-87307 a8172084323c115.00 aEN-70840 bDBAD / PUB a230.31 aSandweiss, Samuel H aWith love man is Godcby Samuel H. Sandweiss aAndhra PradeshbSri sathya sai Books and Publications Trustc2005 aPrasanthi Nilayam, Anantapur DistrictbAndhra Pradeshe515 134k287375l287236menquiry@sssbpt.org a447 p.bB & W photosc23 cm (pbk) adplcENk230.31/ SAN2ddch230.31mSAN c6437d6437 00104070aDBADbDBADd2008-08-27g115.00l0o230.31 SANpEN-70840r2008-09-15 00:00:00t1u6926v115.00w2008-09-15yEN